MARC

LEADER 00000nam0a2200000 4500
001 112311
005 20231031121420.0
035 |a (RuTPU)RU\TPU\book\121417 
090 |a 112311 
100 |a 20070326d1979 m y0rusy50 ca 
101 0 |a rus 
102 |a RU 
105 |a a z 001zy 
200 1 |a Эксплуатация авиационного оборудования и безопасность полетов  |e учебное пособие  |f В. Г. Денисов [и др.] 
210 |a Москва  |c Транспорт  |d 1979 
215 |a 240 с.  |c ил. 
320 |a Библиогр.: с. 236-238. 
610 1 |a самолеты 
610 1 |a эксплуатация 
610 1 |a полеты 
610 1 |a безопасность 
610 1 |a техническое обслуживание 
610 1 |a авиационное оборудование 
610 1 |a характеристики 
610 1 |a пилотажные комплексы 
610 1 |a использование 
610 1 |a электроэнергетические системы 
610 1 |a учебные пособия 
675 |a 629.73.07(075.8)  |v 3 
675 |a 656.7.08(075.8)  |v 3 
701 1 |a Денисов  |b В. Г.  |g Виктор Григорьевич 
701 1 |a Козарук  |b В. В.  |g Василий Васильевич 
701 1 |a Кураев  |b А. С.  |g Анатолий Сергеевич 
701 1 |a Пальчих  |b М. И.  |g Михаил Иванович 
701 1 |a Синдеев  |b И. М.  |g Игорь Михайлович 
801 1 |a RU  |b 63413507  |c 20070326  |g PSBO 
801 2 |a RU  |b 63413507  |c 20080602  |g PSBO 
942 |c BK